Determinación del rendimiento productivo del cultivo de plátano musa paradisiaca en la finca agrícola experimental FAE-UNI
La investigación aborda la producción de plátano en Nicaragua se realiza durante todo el año. Esta actividad se concentra en la región del Pacífico, principalmente en los departamentos de Rivas y Chinandega debido a la disponibilidad de infraestructura. Se estima que, en el 2002, se contaba co...
| Main Authors: | , |
|---|---|
| Other Authors: | |
| Format: | Tesis Section = Libro |
| Language: | Undetermined Spanish |
| Published: |
Managua
UNI
2021
|
| Subjects: |
| LEADER | 01608nam a2200265Ia 4500 | ||
|---|---|---|---|
| 008 | 240830s9999 xx 000 0 und d | ||
| 040 | |a BIBLIOTECA-RUPAP/ Mon 634.773 G939 | ||
| 041 | |a spa | ||
| 082 | |a Mon 634.773 G939 | ||
| 100 | 1 | |a Guevara Román, Mauro Roberto | |
| 100 | 1 | |b Rivera Romero, Pedro Bladimirck | |
| 245 | 1 | 0 | |a Determinación del rendimiento productivo del cultivo de plátano musa paradisiaca en la finca agrícola experimental FAE-UNI |
| 260 | |a Managua |b UNI |c 2021 | ||
| 300 | |a 89 p.:il. | ||
| 500 | |a Contiene: anexos y CD. | ||
| 502 | |a Tesis (Ingeniero Agrícola) - UNI, 2021. | ||
| 520 | 3 | |a La investigación aborda la producción de plátano en Nicaragua se realiza durante todo el año. Esta actividad se concentra en la región del Pacífico, principalmente en los departamentos de Rivas y Chinandega debido a la disponibilidad de infraestructura. Se estima que, en el 2002, se contaba con un área sembrada de plátano de 6.3 mil manzanas distribuidas en los departamentos de Granada, Rivas, Carazo, Masaya, León y Chinandega. Actualmente, se estima que el área total de producción es de 10 mil hectáreas. Es importante destacar el conocimiento de las necesidades de agua para cada cultivo, este conocimiento permitirá dar un uso adecuado y eficiente al recurso agua y un mejor empleo del sistema de riego. | |
| 650 | 7 | |a PLATANO-CULTIVO-NICARAGUA | |
| 650 | 7 | |b PLATANO-PRODUCCION | |
| 650 | 7 | |c PLATANO-PLAGAS Y ENFERMEDADES | |
| 650 | 7 | |d RIEGO | |
| 700 | 1 | |a Tutor: |b Méndez Úbeda, José Mamerto | |
| 942 | |c BK |2 ddc | ||
| 991 | |a TESIS | ||
| 999 | |c 19048 | ||